000 00837nam0a22002531 4500
001 rc\703753
005 20250621215855.0
035 _a(NLR Aleph) 005939352
090 _a6662286
_c6662286
100 _a20031121d1985 |||y0rusy50 ca
101 0 _arus
102 _aRU
105 _ay |||||||||
200 1 _aДерево любви
_eСтихи
_e[Пер. с азерб.]
_fСадай Шакерли
210 _aСаратов
_cПриволж. кн. изд-во
_d1985
215 _a47 с.
_d16
300 _aПеред вып. дан. авт.: Шакаров (Шакерли) Садай Асад оглы
327 0 _aЦиклы: Корень; Ствол; Крона
700 1 _aШакерли
_bС.
_gСадай
801 0 _aRU
_bNLR
_gpsbo
801 1 _aRU
_bELAR
_2rusmarc
852 _aNLR
_j86-2/163
942 _cBOOK
980 _aNB